[Event "GER-chT North U12"]
[Site "Magdeburg"]
[Date "2014.09.13"]
[Round "5.4"]
[White "Pietsch, Johann"]
[Black "Eichhorst, Julie"]
[Result "1-0"]
[WhiteElo "966"]
[BlackElo "824"]
[PlyCount "45"]
[EventDate "2014.09.11"]
[EventType "team-swiss"]
[EventRounds "7"]
[EventCountry "GER"]
[SourceTitle "EXT 2016"]
[Source "ChessBase"]
[SourceDate "2015.10.08"]
[SourceVersion "1"]
[SourceVersionDate "2015.10.08"]
[SourceQuality "1"]
[WhiteTeam "Doellnitz"]
[BlackTeam "Bremen West"]
[WhiteTeamCountry "GER"]
[BlackTeamCountry "GER"]

1. e4 g6 2. c3 Bg7 3. d4 d6 4. Be3 Nf6 5. Bd3 0-0 6. Qd2 b6 7. Bh6 Bxh6 8. Qxh6 c5 9. Nf3 Ba6 10. c4 Ng4 11. Qh3 Nf6 12. Ng5 Qd7 13. Qh6 Qa4 14. Nd2 Qb4 15. b3 b5 16. e5 Nbd7 17. Rd1 dxe5 18. dxe5 Nxe5 19. 0-0 Nxd3 20. Nde4 Rfd8 21. Nxf6+ exf6 22. Qxh7+ Kf8 23. Qxf7# 1-0